Library Banner

Shehr dil ke darwazay = شہر دل کے دروازے / (Record no. 136129)

MARC details
000 -LEADER
fixed length control field 00492nam a22001577a 4500
005 - DATE AND TIME OF LATEST TRANSACTION
control field 20241121121342.0
008 - FIXED-LENGTH DATA ELEMENTS--GENERAL INFORMATION
fixed length control field 241121b |||||||| |||| 00| 0 eng d
040 ## - CATALOGING SOURCE
Transcribing agency PK-LaUMT
082 ## - DEWEY DECIMAL CLASSIFICATION NUMBER
Classification number 891.4393
Item number SHA-S
100 ## - MAIN ENTRY--PERSONAL NAME
Personal name Shazia Chaudhary = شازیہ چوہدری
245 ## - TITLE STATEMENT
Title Shehr dil ke darwazay = شہر دل کے دروازے /
Statement of responsibility, etc by Shazia Chaudhary = شازیہ چوہدری
260 ## - PUBLICATION, DISTRIBUTION, ETC. (IMPRINT)
Place of publication, distribution, etc Lahore :
Name of publisher, distributor, etc Saghar Publishers,
Date of publication, distribution, etc NA
300 ## - PHYSICAL DESCRIPTION
Extent 800 p.
546 ## - LANGUAGE NOTE
Language note Urdu
942 ## - ADDED ENTRY ELEMENTS (KOHA)
Koha item type Books
Holdings
Withdrawn status Lost status Damaged status Home library Current library Date acquired Full call number Barcode Date last seen Price effective from Koha item type
      UMT Main Campus UMT Main Campus 2024-11-21 891.4393 SHA-S 147916 2025-03-24 2024-11-21 Books